[Event "Eliteserien 2008-2009"]
[Site "Haraldsheim"]
[Date "2008.11.07"]
[Round "2"]
[White "David, Edwin"]
[Black "Lie, Espen"]
[Result "0-1"]
[WhiteElo "2139"]
[BlackElo "2436"]
[PlyCount "96"]
[EventDate "2008.??.??"]

1. d4 d5 2. Bf4 Nf6 3. e3 e6 4. Bd3 c5 5. c3 Nc6 6. Nd2 Bd6 7. Bxd6 Qxd6 8. f4
cxd4 9. cxd4 Bd7 10. a3 Rc8 11. Nh3 Ne7 12. Qe2 Qb6 13. Rb1 Nf5 14. O-O Nd6 15.
Nf3 Bb5 16. Ne5 Bxd3 17. Qxd3 Qb5 18. Qxb5+ Nxb5 19. f5 exf5 20. Rxf5 Nd6 21.
Rff1 Ke7 22. Rbc1 Nde4 23. Rfd1 g5 24. Nf2 Nxf2 25. Kxf2 Ne4+ 26. Ke2 f6 27.
Nd3 Rc4 28. Rxc4 dxc4 29. Nc5 Nd6 30. Rf1 b6 31. Na4 Ke6 32. Nc3 b5 33. Kd2 a5
34. Kc2 Rb8 35. Rf3 b4 36. axb4 axb4 37. Na4 Ne4 38. Rh3 b3+ 39. Kb1 Rb5 40. g4
Ra5 41. Nc3 Nxc3+ 42. bxc3 Kd5 43. Rf3 Ke4 44. Rxf6 Kd3 45. Rf5 Ra8 46. d5 Kxc3
47. e4 Kd4 48. d6 c3 
0-1

[Event "Eliteserien 2008-2009"]
[Site "Haraldsheim"]
[Date "2008.11.07"]
[Round "2"]
[White "Lahlum, Hans O."]
[Black "Lundeby, Øyvind Andersen"]
[Result "1/2-1/2"]
[WhiteElo "2141"]
[BlackElo "2189"]
[PlyCount "29"]
[EventDate "2008.??.??"]

1. d4 d5 2. c4 e5 3. dxe5 d4 4. Nf3 Nc6 5. g3 Nge7 6. Bg2 Ng6 7. Qb3 Bb4+ 8.
Bd2 a5 9. O-O Bxd2 10. Nbxd2 O-O 11. Rad1 a4 12. Qc2 Nb4 13. Qb1 c5 14. Ne4 Qe7
15. Nd6 
1/2-1/2

[Event "Eliteserien 2008-2009"]
[Site "Haraldsheim"]
[Date "2008.11.07"]
[Round "2"]
[White "Kolås, Tore"]
[Black "Bentsen, Håkon"]
[Result "1/2-1/2"]
[WhiteElo "2144"]
[BlackElo "2068"]
[PlyCount "55"]
[EventDate "2008.??.??"]

1. e4 e5 2. Nf3 Nc6 3. Bb5 a6 4. Ba4 Nf6 5. O-O Nxe4 6. d4 b5 7. Bb3 d5 8. dxe5
Be6 9. Nbd2 Nc5 10. c3 Be7 11. Re1 d4 12. Bxe6 Nxe6 13. cxd4 Ncxd4 14. Nxd4
Qxd4 15. Qf3 O-O 16. Nb3 Qb6 17. Be3 c5 18. Rac1 Rac8 19. Qg4 f5 20. exf6 Rxf6
21. h4 Rc6 22. Qe4 Qc7 23. Na5 Rd6 24. Nb3 c4 25. Nd2 Qd7 26. Nf3 Qc6 27. Qxc6
Rxc6 28. a4 
1/2-1/2

[Event "Eliteserien 2008-2009"]
[Site "Haraldsheim"]
[Date "2008.11.07"]
[Round "2"]
[White "Tallaksen, Levi André"]
[Black "Ulrichsen, Jarl H"]
[Result "1/2-1/2"]
[WhiteElo "2036"]
[BlackElo "2115"]
[PlyCount "81"]
[EventDate "2008.??.??"]

1. d4 f5 2. g3 Nf6 3. Bg2 d5 4. Nf3 e6 5. O-O Nbd7 6. c4 c6 7. Qc2 Ne4 8. Nfd2
Ndf6 9. Nxe4 dxe4 10. Rd1 Bd6 11. Nc3 Bd7 12. Bf4 Bxf4 13. gxf4 g5 14. fxg5 Nh5
15. Qd2 Rg8 16. f4 exf3 17. Bxf3 Qxg5+ 18. Qxg5 Rxg5+ 19. Kf2 Nf6 20. Rg1 Rxg1
21. Rxg1 Kf7 22. e4 fxe4 23. Nxe4 Nxe4+ 24. Bxe4 Kf6 25. Ke3 Rh8 26. Kf4 Be8
27. Bf3 Bg6 28. Bg4 Rd8 29. Ke3 b6 30. Rf1+ Ke7 31. b4 c5 32. bxc5 bxc5 33.
dxc5 Rd3+ 34. Kf4 Rd4+ 35. Kg3 Rxc4 36. Re1 Rxc5 37. Rxe6+ Kf8 38. Ra6 Rc7 39.
h4 Bd3 40. Ra5 a6 41. Ra3 
1/2-1/2

[Event "Eliteserien 2008-2009"]
[Site "Haraldsheim"]
[Date "2008.11.07"]
[Round "2"]
[White "Evensen, Tom R"]
[Black "Hobber, Anders"]
[Result "1/2-1/2"]
[WhiteElo "1973"]
[BlackElo "1995"]
[PlyCount "86"]
[EventDate "2008.??.??"]

1. c4 e6 2. Nc3 d5 3. d4 c6 4. e3 Nf6 5. Nf3 Nbd7 6. Bd3 dxc4 7. Bxc4 b5 8. Bd3
Bb7 9. O-O a6 10. e4 c5 11. d5 Qc7 12. Qe2 c4 13. Bc2 Nc5 14. Bg5 h6 15. Be3
O-O-O 16. b4 cxb3 17. Bxb3 exd5 18. exd5 Kb8 19. Rfc1 Bd6 20. h3 Rhe8 21. Qd2
Qe7 22. Qd4 Ba8 23. Rab1 Nfe4 24. Bd1 Nxc3 25. Rxc3 Ne4 26. Qb6+ Qb7 27. Rc6
Qxb6 28. Rxb6+ Bb7 29. Nd4 Bc7 30. Nc6+ Ka8 31. Nxd8 Bxd8 32. Rc1 Bxb6 33. Bxb6
Nc3 34. Rxc3 Re1+ 35. Kh2 Rxd1 36. Rc7 Bxd5 37. Be3 Bxa2 38. Ra7+ Kb8 39. Rxa6
Bc4 40. Bc5 Rd8 41. Kg3 Kb7 42. Rb6+ Kc7 43. Ra6 Kb7 
1/2-1/2

[Event "Eliteserien 2008-2009"]
[Site "Haraldsheim"]
[Date "2008.11.07"]
[Round "3"]
[White "Stokke, Kjetil"]
[Black "Djurhuus, Rune"]
[Result "1/2-1/2"]
[WhiteElo "2305"]
[BlackElo "2459"]
[PlyCount "79"]
[EventDate "2008.??.??"]

1. Nf3 c5 2. c4 Nf6 3. Nc3 Nc6 4. g3 e6 5. Bg2 Be7 6. O-O O-O 7. d4 d5 8. cxd5
exd5 9. Bg5 cxd4 10. Nxd4 h6 11. Be3 Re8 12. Rc1 Nxd4 13. Bxd4 Qa5 14. Qb3 Be6
15. Qb5 Bb4 16. Qxa5 Bxa5 17. e3 Rac8 18. Bxf6 gxf6 19. Nxd5 Bxd5 20. Bxd5 Red8
21. e4 Bd2 22. Rxc8 Rxc8 23. Bxb7 Rc2 24. Kg2 Rxb2 25. Bd5 Be3 26. Bb3 Kg7 27.
h4 h5 28. g4 hxg4 29. Kg3 Bb6 30. Kxg4 Rxf2 31. Rd1 Rg2+ 32. Kh5 Re2 33. Rd7
Rxe4 34. Rxf7+ Kh8 35. Rf8+ Kg7 36. Rf7+ Kh8 37. Kg6 Rg4+ 38. Kxf6 Rf4+ 39. Ke6
Rxf7 40. Kxf7 
1/2-1/2

[Event "Eliteserien 2008-2009"]
[Site "Haraldsheim"]
[Date "2008.11.07"]
[Round "3"]
[White "Hole, Øystein"]
[Black "Gullaksen, Eirik"]
[Result "0-1"]
[WhiteElo "2401"]
[BlackElo "2387"]
[PlyCount "264"]
[EventDate "2008.??.??"]

1. Nf3 g6 2. c4 Bg7 3. e4 d6 4. d4 Nf6 5. Nc3 O-O 6. Be2 e5 7. O-O Nc6 8. d5
Ne7 9. b4 a5 10. bxa5 c5 11. a4 Rxa5 12. Bd2 Ne8 13. Rb1 Ra6 14. g3 f5 15. Ng5
b6 16. Bf3 Nc7 17. Nb5 h6 18. Nxc7 Qxc7 19. Ne6 Bxe6 20. dxe6 Qc6 21. a5 fxe4
22. Bg2 bxa5 23. Qc2 Qc8 24. Bxe4 Qxe6 25. Qa4 Ra7 26. Rb6 Qd7 27. Qa2 Nf5 28.
Kg2 Kh7 29. f3 h5 30. Rfb1 Rc8 31. Bd5 a4 32. Rb7 Rc7 33. Rb8 Ne7 34. Be4 Rc8
35. R8b7 Rc7 36. Rb8 a3 37. R1b5 Qe6 38. Ba5 Rc8 39. R8b6 Qd7 40. Qxa3 Nc6 41.
Qd3 Rxa5 42. Rxa5 Nxa5 43. Bxg6+ Kh8 44. Rxd6 Qe7 45. Ra6 Rd8 46. Qf5 Nxc4 47.
Qxh5+ Kg8 48. Bh7+ Kf8 49. Bg6 Nd6 50. Rc6 c4 51. h4 Rb8 52. Qg4 Rd8 53. h5 Qd7
54. Qg5 Qxc6 55. Qxd8+ Ne8 56. Be4 Qc7 57. Qg5 Qd6 58. Qf5+ Ke7 59. Qg5+ Bf6
60. Qc1 Qd4 61. h6 Nd6 62. Bg6 c3 63. Kf1 e4 64. fxe4 Qd3+ 65. Kg2 Qd2+ 66.
Qxd2 cxd2 67. Bh5 Nxe4 68. Bf3 Nc3 69. Kh3 Kf7 70. Kg4 Kg6 71. h7 Kxh7 72. Kf5
Kg7 73. g4 Bd4 74. g5 d1=Q 75. Bxd1 Nxd1 76. g6 Bf6 77. Ke4 Nc3+ 78. Kf4 Nd5+
79. Kg4 Ne7 80. Kf4 Ng8 81. Kf5 Nh6+ 82. Kf4 Kf8 83. Ke3 Bg7 84. Kf4 Ke7 85.
Ke4 Ke6 86. Kf4 Kd5 87. Kg5 Ke4 88. Kh5 Kf4 89. Kh4 Ng4 90. Kh3 Ne5 91. Kg2 Kg4
92. Kf2 Kf4 93. Kg2 Nxg6 94. Kf2 Bd4+ 95. Ke2 Ne5 96. Kd2 Kf3 97. Kc2 Ke4 98.
Kd2 Kf3 99. Kc2 Ke3 100. Kb3 Kd3 101. Kb4 Ke4 102. Kb3 Kd5 103. Kc2 Nf3 104.
Kd3 Ke5 105. Kc2 Ke4 106. Kb3 Kd3 107. Kb4 Ng5 108. Kb5 Ke4 109. Kc6 Ke5 110.
Kb5 Kd5 111. Kb4 Ne4 112. Kb3 Nc5+ 113. Kc2 Ke4 114. Kd2 Be3+ 115. Ke2 Kf4 116.
Kd1 Kf3 117. Kc2 Bd4 118. Kd2 Kf2 119. Kc2 Ke2 120. Kc1 Kd3 121. Kd1 Bc3 122.
Kc1 Ne6 123. Kd1 Nf4 124. Kc1 Nd5 125. Kd1 Ne3+ 126. Kc1 Kc4 127. Kb1 Kb3 128.
Kc1 Bb4 129. Kb1 Bd2 130. Ka1 Nc4 131. Kb1 Na3+ 132. Ka1 Bc3# 
0-1

[Event "Eliteserien 2008-2009"]
[Site "Haraldsheim"]
[Date "2008.11.07"]
[Round "3"]
[White "Bern, Ivar"]
[Black "Skrondal, Inge Sandstad"]
[Result "1/2-1/2"]
[WhiteElo "2252"]
[BlackElo "2179"]
[PlyCount "55"]
[EventDate "2008.??.??"]

1. g3 g6 2. Bg2 Bg7 3. e4 c5 4. Ne2 Nc6 5. Nbc3 d6 6. d3 e5 7. Be3 Nd4 8. O-O
Ne7 9. f4 O-O 10. Qd2 Rb8 11. Rae1 Be6 12. Nc1 Qd7 13. Nd1 b6 14. c3 Ndc6 15.
b3 Rbd8 16. fxe5 dxe5 17. Bh6 c4 18. bxc4 Bxc4 19. Nf2 Be6 20. h4 f6 21. Kh2
Na5 22. Bxg7 Kxg7 23. Qb2 Ng8 24. Nb3 Qa4 25. Nxa5 Qxa5 26. Bh3 Bxh3 27. Kxh3
Qc5 28. Kg2 
1/2-1/2

[Event "Eliteserien 2008-2009"]
[Site "Haraldsheim"]
[Date "2008.11.07"]
[Round "3"]
[White "Thorstensen, Trond"]
[Black "Borchgrevink, Harald B"]
[Result "1-0"]
[WhiteElo "2175"]
[BlackElo "2271"]
[PlyCount "80"]
[EventDate "2008.??.??"]

1. d4 Nf6 2. Nf3 e6 3. c4 b6 4. Nc3 Bb4 5. Qc2 Bb7 6. a3 Bxc3+ 7. Qxc3 Ne4 8.
Qc2 f5 9. e3 O-O 10. Bd3 d6 11. b4 Nd7 12. Bb2 Rc8 13. O-O Qe7 14. Nd2 Nxd2 15.
Qxd2 e5 16. d5 c6 17. dxc6 Bxc6 18. Rad1 Rf6 19. f4 Rg6 20. Rf2 Rf8 21. Qc2
exf4 22. exf4 Qe3 23. Bf1 Nf6 24. Bxf6 Rgxf6 25. Qd3 Re8 26. Qxe3 Rxe3 27. Rd3
Rxd3 28. Bxd3 g6 29. Re2 Kf7 30. Kf2 Re6 31. g3 Rxe2+ 32. Kxe2 Ke6 33. Ke3 Bg2
34. Kd4 Bf3 35. Bc2 Kd7 36. Ba4+ Kc7 37. Be8 Kd8 38. Bf7 Ke7 39. Bg8 h6 40. Bd5
Bd1 
1-0

[Event "Eliteserien 2008-2009"]
[Site "Haraldsheim"]
[Date "2008.11.07"]
[Round "3"]
[White "Hagesæther, Halvard"]
[Black "Andersen, Alf Roger"]
[Result "1-0"]
[WhiteElo "2238"]
[BlackElo "2197"]
[PlyCount "45"]
[EventDate "2008.??.??"]

1. e4 d6 2. d4 Nf6 3. Nc3 g6 4. Bg5 Bg7 5. Qd2 h6 6. Bh4 g5 7. Bg3 Nh5 8. Nge2
Nc6 9. O-O-O e6 10. d5 Ne5 11. Nd4 Bd7 12. Be2 Nxg3 13. hxg3 Ng6 14. dxe6 fxe6
15. Bh5 Kf7 16. f4 gxf4 17. gxf4 Bf6 18. Qf2 e5 19. fxe5 dxe5 20. Nf5 c6 21.
Nh4 Rg8 22. Rhf1 Qe7 23. Rxd7 
1-0

[Event "Eliteserien 2008-2009"]
[Site "Haraldsheim"]
[Date "2008.11.07"]
[Round "3"]
[White "Briseid, Håkon"]
[Black "Martinsen, Stig K."]
[Result "0-1"]
[WhiteElo "1897"]
[BlackElo "2093"]
[PlyCount "98"]
[EventDate "2008.??.??"]

1. d4 e6 2. c4 b6 3. a3 f5 4. Nc3 Nf6 5. Nf3 g6 6. g3 Bg7 7. Bg2 Bb7 8. O-O O-O
9. b4 Ne4 10. Qb3 Nxc3 11. Qxc3 c5 12. bxc5 bxc5 13. e3 Be4 14. Ne5 Bxg2 15.
Kxg2 d6 16. Nf3 Nc6 17. Rb1 Rb8 18. Bd2 e5 19. dxe5 dxe5 20. Qc2 e4 21. Ng1 Qd3
22. Qxd3 exd3 23. f4 Bb2 24. Nf3 Bxa3 25. Bc3 Bb4 26. Be5 Rbd8 27. Ng5 Rfe8 28.
Nf3 Rd7 29. Rfd1 Na5 30. Rbc1 Nb3 31. Rb1 Na5 32. Rbc1 Re6 33. Kf2 Ra6 34. Ra1
Rb6 35. Rac1 Nb3 36. Rb1 Na5 37. Rbc1 Nc6 38. Bc3 Ba3 39. Rb1 Bb4 40. Rbc1 Ra6
41. e4 fxe4 42. Nd2 Ra2 43. Ke3 Bxc3 44. Rxc3 Re7 45. Nxe4 Re2+ 46. Kf3 Nd4+
47. Kg4 R7xe4 48. Rcxd3 Rxh2 49. Ra3 Re7 
0-1

[Event "Eliteserien 2008-2009"]
[Site "Haraldsheim"]
[Date "2008.11.07"]
[Round "3"]
[White "Røyset, Jon Kr."]
[Black "Sahl, Bjarke"]
[Result "0-1"]
[WhiteElo "2076"]
[BlackElo "2347"]
[PlyCount "106"]
[EventDate "2008.??.??"]

1. e4 Nf6 2. Nc3 e5 3. Nf3 Nc6 4. Bb5 Nd4 5. Ba4 c6 6. O-O b5 7. Bb3 Nxb3 8.
axb3 d6 9. d4 Qc7 10. Qd3 Be7 11. Ne2 O-O 12. Ng3 Re8 13. Bg5 h6 14. Bd2 Bf8
15. Ba5 Qb7 16. Rfe1 Bd7 17. b4 Rac8 18. h3 Qb8 19. Rad1 Be6 20. c3 Nh7 21. Nf1
Nf6 22. Ng3 Bb3 23. Ra1 g6 24. Nd2 Be6 25. Qf1 h5 26. f4 h4 27. fxe5 Nd7 28.
exd6 hxg3 29. e5 f5 30. Qf4 Kh7 31. Nf3 Bh6 32. Ng5+ Kg7 33. Re3 Nf8 34. Rxg3
Bd5 35. Qh4 Qb7 36. Bc7 Rxc7 37. dxc7 Qxc7 38. Nf3 Qe7 39. Qxe7+ Rxe7 40. h4
Be3+ 41. Kf1 Ne6 42. h5 g5 43. Nh4 Rf7 44. Rxe3 gxh4 45. Rh3 Kh6 46. Rxh4 Rg7
47. g3 Rxg3 48. Rxa7 Rf3+ 49. Ke1 Ng5 50. Rh2 f4 51. Rc7 Rg3 52. Re2 f3 53. Re3
Rg1+ 
0-1

[Event "Eliteserien 2008-2009"]
[Site "Haraldsheim"]
[Date "2008.11.07"]
[Round "3"]
[White "Aulin-Jansson, Jøran"]
[Black "Jæger, Frode Bull"]
[Result "1-0"]
[WhiteElo "2183"]
[BlackElo "2031"]
[PlyCount "103"]
[EventDate "2008.??.??"]

1. d4 Nf6 2. Nf3 d5 3. c4 e6 4. Nc3 c6 5. e3 a6 6. b3 Bb4 7. Bd2 Nbd7 8. Bd3
O-O 9. O-O Bd6 10. Qc2 Qe7 11. Rfe1 h6 12. h3 Re8 13. e4 dxc4 14. bxc4 e5 15.
d5 Nc5 16. Bf1 cxd5 17. cxd5 Bd7 18. a4 Rac8 19. Qb1 g5 20. Ra2 g4 21. Nh4 gxh3
22. g3 Kh8 23. Be3 Rg8 24. Kh1 Nh5 25. Qd1 Nf4 26. Nf3 Ng2 27. Bxg2 hxg2+ 28.
Kxg2 Bg4 29. Qb1 Rg6 30. Rh1 Nd7 31. Rc2 Bxf3+ 32. Kxf3 Qf6+ 33. Kg2 Bc5 34.
Qxb7 Qd8 35. Bxc5 Rxc5 36. Qb2 Qc7 37. Rhc1 Rb6 38. Qa2 Qb7 39. Nd1 Rxc2 40.
Qxc2 Rb4 41. Qc6 Kg7 42. Ne3 Qxc6 43. dxc6 Nb6 44. a5 Nc8 45. Rd1 Na7 46. c7
Rb7 47. Rd7 Rb5 48. Nf5+ Kg6 49. Rd6+ f6 50. Rd7 Rxa5 51. Rg7+ Kh5 52. g4# 
1-0

[Event "Eliteserien 2008-2009"]
[Site "Haraldsheim"]
[Date "2008.11.07"]
[Round "3"]
[White "Simula, Leon"]
[Black "Hammerstad, Åsmund"]
[Result "0-1"]
[WhiteElo "2062"]
[BlackElo "2170"]
[PlyCount "112"]
[EventDate "2008.??.??"]

1. d4 d5 2. c4 c6 3. Nf3 Nf6 4. Nc3 e6 5. e3 Nbd7 6. Qc2 Bd6 7. b3 O-O 8. Be2
b6 9. O-O Bb7 10. Bb2 Qe7 11. e4 dxe4 12. Nxe4 Nxe4 13. Qxe4 Nf6 14. Qh4 c5 15.
Rad1 Rad8 16. Rfe1 cxd4 17. Nxd4 Bb4 18. Rf1 Ne4 19. Qxe7 Bxe7 20. f3 Nd6 21.
Ba3 Rfe8 22. Rfe1 Bh4 23. Rf1 Bf6 24. Nc6 Bxc6 25. Bxd6 e5 26. Kf2 e4 27. fxe4
Rxe4 28. Bc7 Rc8 29. Bf3 Rxc7 30. Bxe4 Bxe4 31. Rfe1 Bc6 32. Rd3 h6 33. Re2 b5
34. g3 bxc4 35. bxc4 Ba4 36. Re4 Bc2 37. Re8+ Kh7 38. Rd2 Rxc4 39. h4 Kg6 40.
Kf3 Ba4 41. Re3 Bc6+ 42. Ke2 Be4 43. Rd6 Bf5 44. Ra6 Bg4+ 45. Kd2 Be6 46. Rea3
Rg4 47. Rxa7 Be5 48. R3a5 Bd6 49. h5+ Kf6 50. Rb5 Rxg3 51. a4 Bf4+ 52. Ke1 Re3+
53. Kf2 Ra3 54. Ra6 Be5 55. a5 Rh3 56. Rab6 Rxh5 
0-1

[Event "Eliteserien 2008-2009"]
[Site "Haraldsheim"]
[Date "2008.11.07"]
[Round "3"]
[White "Mihajlov, Svetoslav"]
[Black "Søraas, Torben"]
[Result "1/2-1/2"]
[WhiteElo "2046"]
[BlackElo "2111"]
[PlyCount "55"]
[EventDate "2008.??.??"]

1. d4 Nf6 2. c4 c5 3. d5 b5 4. cxb5 a6 5. bxa6 g6 6. Nc3 Bxa6 7. g3 d6 8. Bg2
Bg7 9. Nf3 Nbd7 10. Rb1 Nb6 11. b3 Bc8 12. Nh4 h6 13. Qc2 Qd7 14. f4 Bb7 15. e4
Ba6 16. a4 O-O 17. a5 Nc8 18. Bd2 Na7 19. e5 dxe5 20. fxe5 Ng4 21. e6 fxe6 22.
Bh3 Nf2 23. Bxe6+ Qxe6+ 24. dxe6 Nd3+ 25. Kd1 Nf2+ 26. Kc1 Nd3+ 27. Kd1 Nf2+
28. Kc1 
1/2-1/2

[Event "Eliteserien 2008-2009"]
[Site "Haraldsheim"]
[Date "2008.11.07"]
[Round "3"]
[White "Esbensen, Andreas"]
[Black "Agdestein, Pål"]
[Result "1/2-1/2"]
[WhiteElo "2048"]
[BlackElo "1770"]
[PlyCount "46"]
[EventDate "2008.??.??"]

1. e4 e5 2. Bc4 Nc6 3. Nc3 d6 4. d3 Na5 5. Bb3 Nxb3 6. axb3 Nf6 7. f4 Be7 8.
Nf3 exf4 9. Bxf4 O-O 10. O-O d5 11. e5 Ne8 12. Ne2 c6 13. Ng3 Nc7 14. Be3 b6
15. Qd2 Bd7 16. b4 c5 17. bxc5 bxc5 18. d4 c4 19. Bg5 Bg4 20. Bxe7 Qxe7 21. Qf4
Qd7 22. e6 Bxe6 23. Ne5 Qd6 
1/2-1/2

[Event "Eliteserien 2008-2009"]
[Site "Haraldsheim"]
[Date "2008.11.07"]
[Round "3"]
[White "Tari, Aryan"]
[Black "Furu, Thormod"]
[Result "0-1"]
[WhiteElo "1697"]
[BlackElo "1871"]
[PlyCount "84"]
[EventDate "2008.??.??"]

1. e4 d5 2. exd5 Nf6 3. d4 Bg4 4. f3 Bf5 5. Bd3 Bxd3 6. Qxd3 Qxd5 7. c4 Qd7 8.
Nc3 e5 9. Be3 Bc5 10. Nge2 exd4 11. Bxd4 Bxd4 12. Qxd4 Nc6 13. Qxd7+ Nxd7 14.
O-O-O O-O-O 15. Nd4 Nxd4 16. Rxd4 Ne5 17. Rhd1 Rxd4 18. Rxd4 Rd8 19. Rxd8+ Kxd8
20. b3 Kd7 21. Kd2 c5 22. Na4 b6 23. Nc3 f5 24. Ke3 Ke6 25. Nd5 Nc6 26. Kf4 Nd4
27. g4 g5+ 28. Ke3 Ke5 29. h3 f4+ 30. Kf2 Nc6 31. Ke2 Kd4 32. Nf6 h6 33. Nd5
Ne5 34. a3 b5 35. Nc7 bxc4 36. Nb5+ Kd5 37. bxc4+ Nxc4 38. Kd3 Ne5+ 39. Ke2 a5
40. Nc3+ Kc4 41. Ne4 a4 42. Nd2+ Kc3 
0-1

[Event "Eliteserien 2008-2009"]
[Site "Haraldsheim"]
[Date "2008.11.07"]
[Round "3"]
[White "Elsness, Frode"]
[Black "Lie, Kjetil A."]
[Result "1/2-1/2"]
[WhiteElo "2425"]
[BlackElo "2528"]
[PlyCount "77"]
[EventDate "2008.??.??"]

1. d4 Nf6 2. c4 e6 3. Nf3 c5 4. d5 exd5 5. cxd5 d6 6. Nc3 g6 7. h3 Bg7 8. e4
O-O 9. Bd3 Nbd7 10. O-O Nh5 11. Bg5 Bf6 12. Bh6 Re8 13. Be2 a6 14. a4 Rb8 15.
Qd2 Bg7 16. Bxg7 Kxg7 17. g4 Nhf6 18. Qf4 h5 19. gxh5 Nxh5 20. Qxd6 b5 21. axb5
axb5 22. Bxb5 Ne5 23. Qxd8 Nxf3+ 24. Kg2 Rxd8 25. Kxf3 Bxh3 26. Rfc1 Bd7 27.
Ra5 Nf6 28. Bc6 Rxb2 29. Rxc5 Rh8 30. e5 Ng4 31. e6 f5 32. exd7 Rxf2+ 33. Kg3
Rhh2 34. d6 Nf6 35. Bf3 Nh5+ 36. Bxh5 Rhg2+ 37. Kh3 Rh2+ 38. Kg3 Rhg2+ 39. Kh3
1/2-1/2

[Event "Eliteserien 2008-2009"]
[Site "Haraldsheim"]
[Date "2008.11.07"]
[Round "3"]
[White "Lie, Espen"]
[Black "Kveinys, Aloyzas"]
[Result "1/2-1/2"]
[WhiteElo "2436"]
[BlackElo "2600"]
[PlyCount "185"]
[EventDate "2008.??.??"]

1. c4 Nf6 2. g3 c6 3. Nf3 d5 4. b3 g6 5. Bb2 Bg7 6. Bg2 O-O 7. O-O a5 8. d4 Bf5
9. Nc3 Ne4 10. Rc1 Nxc3 11. Bxc3 Be4 12. Re1 e6 13. e3 Qf6 14. Ne5 Bxg2 15.
Kxg2 Qd8 16. e4 dxe4 17. Rxe4 Nd7 18. Qf3 f5 19. Re2 Nxe5 20. dxe5 Qc7 21. Bd2
h6 22. Be3 Rfd8 23. Bc5 Bf8 24. Bd6 Bxd6 25. exd6 Qxd6 26. Qe3 Kg7 27. Rce1 Rd7
28. Qc3+ Qd4 29. Qxd4+ Rxd4 30. Rxe6 Rf8 31. R1e5 a4 32. bxa4 Rxc4 33. Rd6 Re4
34. Rxe4 fxe4 35. Re6 Ra8 36. Rxe4 Kf6 37. Kf3 b5 38. axb5 Rxa2 39. bxc6 Rc2
40. Rf4+ Kg7 41. g4 Rxc6 42. Kg3 Rc3+ 43. Rf3 Rc1 44. Ra3 Rg1+ 45. Kf3 g5 46.
Ra5 Rh1 47. Kg2 Rb1 48. Rf5 Rb4 49. Kg3 Rb3+ 50. f3 Kg6 51. h4 Ra3 52. h5+ Kg7
53. Rb5 Ra2 54. Rb7+ Kg8 55. Rb6 Kg7 56. Rg6+ Kh7 57. Re6 Kg7 58. Re1 Rb2 59.
Rf1 Re2 60. Rf2 Re7 61. Ra2 Kh7 62. Kf2 Kg7 63. Re2 Ra7 64. Rc2 Re7 65. Rc4 Re5
66. f4 gxf4 67. Kf3 Re7 68. Rxf4 Ra7 69. Rb4 Rf7+ 70. Ke4 Re7+ 71. Kf5 Ra7 72.
Rd4 Ra5+ 73. Kf4 Ra7 74. Rd5 Rf7+ 75. Ke4 Re7+ 76. Re5 Ra7 77. Re6 Ra4+ 78. Kf5
Ra5+ 79. Re5 Ra7 80. Rb5 Rf7+ 81. Ke5 Re7+ 82. Kd5 Ra7 83. Rc5 Rb7 84. Rc6 Rb5+
85. Ke6 Rg5 86. Rc7+ Kg8 87. Rc8+ Kg7 88. Rc4 Kg8 89. Kf6 Kh7 90. Kf7 Kh8 91.
Rd4 Kh7 92. Re4 Kh8 93. Re8+ 
1/2-1/2

[Event "Eliteserien 2008-2009"]
[Site "Haraldsheim"]
[Date "2008.11.07"]
[Round "3"]
[White "Thomassen, Joachim"]
[Black "Lahlum, Hans O."]
[Result "1/2-1/2"]
[WhiteElo "2308"]
[BlackElo "2141"]
[PlyCount "60"]
[EventDate "2008.??.??"]

1. d4 e6 2. c4 d5 3. Nc3 c6 4. e3 Nf6 5. Nf3 Nbd7 6. Qc2 Bd6 7. g4 Bb4 8. Bd2
O-O 9. Bd3 dxc4 10. Bxc4 Qe7 11. O-O-O e5 12. g5 Ne8 13. g6 hxg6 14. Qxg6 Qf6
15. Qxf6 Nexf6 16. dxe5 Ng4 17. e6 Nb6 18. exf7+ Kh8 19. Nh4 Nxc4 20. Ng6+ Kh7
21. Nxf8+ Bxf8 22. Be1 Bf5 23. Rd4 Nce5 24. e4 Be6 25. f4 Bc5 26. Rd2 Nxf7 27.
Rg2 Be3+ 28. Bd2 Bxd2+ 29. Rxd2 Re8 30. Rg1 Nf6 
1/2-1/2

[Event "Eliteserien 2008-2009"]
[Site "Haraldsheim"]
[Date "2008.11.07"]
[Round "3"]
[White "Bentsen, Håkon"]
[Black "Forså, Espen"]
[Result "0-1"]
[WhiteElo "2068"]
[BlackElo "2313"]
[PlyCount "78"]
[EventDate "2008.??.??"]

1. e4 c5 2. Nf3 e6 3. d4 cxd4 4. Nxd4 a6 5. Nc3 b5 6. Be3 Bb7 7. Bd3 Qc7 8. O-O
Nf6 9. f3 b4 10. Nce2 e5 11. Nb3 d5 12. Ng3 h5 13. h4 Nbd7 14. Qe2 a5 15. Rac1
a4 16. Nd2 a3 17. b3 g6 18. Nb1 dxe4 19. Bxe4 Nxe4 20. fxe4 Ba6 21. Qf2 Bxf1
22. Rxf1 Rh7 23. Qd2 Rc8 24. Rc1 Bc5 25. c4 Nf6 26. Bxc5 Qxc5+ 27. Qf2 Qe7 28.
Nd2 Ng4 29. Qe1 Qxh4 30. Nf3 Qe7 31. Rc2 h4 32. Nf1 h3 33. gxh3 Rxh3 34. Kg2
Rh5 35. Rd2 Nf6 36. Ne3 Qe6 37. Nd5 Qh3+ 38. Kf2 Ng4+ 39. Ke2 Qg2+ 
0-1

[Event "Eliteserien 2008-2009"]
[Site "Haraldsheim"]
[Date "2008.11.07"]
[Round "3"]
[White "Haugli, Petter"]
[Black "Tallaksen, Levi André"]
[Result "1-0"]
[WhiteElo "2229"]
[BlackElo "2036"]
[PlyCount "63"]
[EventDate "2008.??.??"]

1. d4 Nf6 2. c4 e6 3. Nc3 d5 4. cxd5 exd5 5. Bg5 Be7 6. e3 c6 7. Bd3 O-O 8. Qc2
Nbd7 9. Nge2 Re8 10. O-O Nf8 11. f3 Be6 12. Nf4 h6 13. Bh4 Qd7 14. Rad1 g6 15.
Bf2 Bd6 16. Nxe6 Qxe6 17. Kh1 Rac8 18. e4 Bb8 19. e5 N6d7 20. f4 f5 21. g4 fxg4
22. f5 Qe7 23. fxg6 Ne6 24. Be3 Ng5 25. Bf5 g3 26. hxg3 Rcd8 27. Kg2 Kg7 28.
Rh1 Rh8 29. Rh5 Rdf8 30. Rdh1 Bc7 31. Bxg5 hxg5 32. Rh7+ 
1-0

[Event "Eliteserien 2008-2009"]
[Site "Haraldsheim"]
[Date "2008.11.07"]
[Round "3"]
[White "Hobber, Anders"]
[Black "Stray, Gunnar"]
[Result "1/2-1/2"]
[WhiteElo "1995"]
[BlackElo "1967"]
[PlyCount "64"]
[EventDate "2008.??.??"]

1. e4 c5 2. Nf3 e6 3. d4 cxd4 4. Nxd4 a6 5. Nc3 Qc7 6. g3 Nc6 7. Bg2 Nf6 8. O-O
Nxd4 9. Qxd4 Bc5 10. Qd3 h6 11. Bf4 e5 12. Be3 Bxe3 13. fxe3 Qc6 14. Rf5 d6 15.
Rxf6 gxf6 16. Nd5 Be6 17. Nxf6+ Ke7 18. Nd5+ Bxd5 19. exd5 Qd7 20. Rf1 Raf8 21.
Be4 Kd8 22. Bf5 Qc7 23. c4 Qb6 24. b4 Kc7 25. Qc3 Kb8 26. c5 Qc7 27. c6 b6 28.
a4 Ka7 29. Qc4 Ra8 30. Bd3 Kb8 31. Bf5 Ka7 32. Bd3 Kb8 
1/2-1/2

[Event "Eliteserien 2008-2009"]
[Site "Haraldsheim"]
[Date "2008.11.07"]
[Round "3"]
[White "Agdestein, Espen"]
[Black "Hansen, Torbjørn R."]
[Result "1/2-1/2"]
[WhiteElo "2411"]
[BlackElo "2433"]
[PlyCount "50"]
[EventDate "2008.??.??"]

1. Nf3 Nf6 2. c4 g6 3. Nc3 Bg7 4. e4 d6 5. d4 O-O 6. Be2 e5 7. O-O Nc6 8. d5
Ne7 9. Kh1 Ne8 10. a4 f5 11. Ne1 Nf6 12. exf5 gxf5 13. f4 Ng6 14. Nd3 Ne4 15.
Ra3 Qh4 16. Nxe4 fxe4 17. g3 Qe7 18. Ne1 Bd7 19. Ng2 Rae8 20. Bg4 exf4 21. Nxf4
Nxf4 22. gxf4 Kh8 23. Rg3 Bxg4 24. Qxg4 Bd4 25. Be3 Bxe3 
1/2-1/2

[Event "Eliteserien 2008-2009"]
[Site "Haraldsheim"]
[Date "2008.11.07"]
[Round "3"]
[White "Bae, Torstein"]
[Black "Gabrielsen, Stig"]
[Result "1-0"]
[WhiteElo "2376"]
[BlackElo "2344"]
[PlyCount "81"]
[EventDate "2008.??.??"]

1. d4 Nf6 2. c4 e6 3. Nf3 b6 4. a3 Bb7 5. Nc3 d5 6. cxd5 Nxd5 7. Qc2 Nd7 8. e4
Nxc3 9. bxc3 c5 10. Bd3 Qc7 11. Qb2 Be7 12. O-O O-O 13. Qe2 Rfc8 14. h4 Qd8 15.
h5 h6 16. Bb2 Bf6 17. Rad1 Qc7 18. e5 Be7 19. Nh2 cxd4 20. cxd4 Bd5 21. Ng4 Bc4
22. Ne3 Bxd3 23. Rxd3 b5 24. Rc1 Qb7 25. Rxc8+ Rxc8 26. d5 Nc5 27. Rd1 exd5 28.
Nxd5 Bf8 29. f4 Kh8 30. f5 Rd8 31. Nc3 Rxd1+ 32. Qxd1 Qb6 33. Kh1 a5 34. Qd5
Kg8 35. Ne4 Nxe4 36. Qxe4 Qf2 37. Bd4 Qf1+ 38. Kh2 Qc4 39. e6 fxe6 40. fxe6
Bxa3 41. Qe5 
1-0

[Event "Eliteserien 2008-2009"]
[Site "Haraldsheim"]
[Date "2008.11.07"]
[Round "3"]
[White "Skodvin, Eilif"]
[Black "Urkedal, Frode Olav Olsen"]
[Result "1/2-1/2"]
[WhiteElo "2328"]
[BlackElo "2276"]
[PlyCount "67"]
[EventDate "2008.??.??"]

1. d4 Nf6 2. c4 e6 3. g3 Bb4+ 4. Bd2 Qe7 5. Nf3 Nc6 6. Nc3 O-O 7. Bg2 Bxc3 8.
Bxc3 Ne4 9. Qc2 Nxc3 10. Qxc3 d6 11. O-O e5 12. d5 Nb8 13. Nd2 a5 14. c5 Bg4
15. cxd6 cxd6 16. Qe3 Na6 17. Rac1 Rfc8 18. Nc4 Rc5 19. Nb6 Re8 20. Na4 Rxc1
21. Rxc1 Bd7 22. Nb6 Qd8 23. Nxd7 Qxd7 24. Qb6 a4 25. b4 axb3 26. axb3 Kf8 27.
b4 Rb8 28. e3 Ke7 29. Bf1 Rc8 30. Rxc8 Qxc8 31. Bxa6 bxa6 32. Qa7+ Kf6 33. Qb6
Ke7 34. Qa7+ 
1/2-1/2